To extend the authorization for the Gullah/Geechee Cultural Heritage Corridor Commission : report (to accompany H.R. 3004).

Bibliographic Details
Corporate Author: United States. Congress. Senate. Committee on Energy and Natural Resources (Author)
Format: Government Document eBook
Language:English
Published: [Washington, D.C.] : [U.S. Government Publishing Office], [2016]
Series:Report / 114th Congress, 2d session, Senate ; 114-338
Subjects:
Online Access:PDF version:
Text version:

MARC

Tag First Indicator Second Indicator Subfields
LEADER 00000cam a2200000 i 4500
001 in00003736113
005 20170411140138.0
006 m o d f
007 cr bn||||m||||
008 160915s2016 dcu o f000 0 eng c
035 |a (OCoLC)ocn958423425 
040 |a GPO  |b eng  |e rda  |e pn  |c GPO  |d GPO  |d MvI 
042 |a pcc 
043 |a n-usu-- 
049 |a WWW 
050 1 4 |a KF31  |b .E55 2016za 
074 |a 1008-G (online) 
086 0 |a Y 1.1/5:114-338 
110 1 |a United States.  |b Congress.  |b Senate.  |b Committee on Energy and Natural Resources,  |e author. 
240 1 0 |a To extend the authorization for the Gullah/Geechee Cultural Heritage Corridor Commission (2016) 
245 1 0 |a To extend the authorization for the Gullah/Geechee Cultural Heritage Corridor Commission :  |b report (to accompany H.R. 3004). 
264 1 |a [Washington, D.C.] :  |b [U.S. Government Publishing Office],  |c [2016] 
300 |a 1 online resource (6 pages). 
336 |a text  |b txt  |2 rdacontent 
337 |a computer  |b c  |2 rdamedia 
338 |a online resource  |b cr  |2 rdacarrier 
490 1 |a Report / 114th Congress, 2d session, Senate ;  |v 114-338 
500 |a Title from title screen (viewed on Sept. 15, 2016). 
500 |a "September 6, 2016." 
610 1 0 |a United States.  |b Gullah Geechee Cultural Heritage Corridor Commission. 
650 0 |a Historic sites  |x Law and legislation  |z South Atlantic States. 
655 7 |a Legislative materials.  |2 lcgft 
776 0 8 |i Print version:  |a United States. Congress. Senate. Committee on Energy and Natural Resources.  |s To extend the authorization for the Gullah/Geechee Cultural Heritage Corridor Commission (2016)  |w (OCoLC)958982576 
776 0 8 |i Microfiche version:  |a United States. Congress. Senate. Committee on Energy and Natural Resources.  |s To extend the authorization for the Gullah/Geechee Cultural Heritage Corridor Commission (2016)  |w (OCoLC)976410970 
810 1 |a United States.  |b Congress.  |b Senate.  |t Report ;  |v 114-338. 
856 4 0 |3 PDF version:  |u http://purl.fdlp.gov/GPO/gpo72407  |t 0 
856 4 0 |3 Text version:  |u http://purl.fdlp.gov/GPO/gpo72408  |t 0 
999 f f |s 8893010b-7313-3e7e-977d-e3aa79c8ebff  |i c7712a71-98b4-33de-bd9f-99b38dd9151d  |t 0 
952 f f |a Texas A&M University  |b College Station  |c Electronic Resources  |d Available Online  |t 0  |e Y 1.1/5:114-338  |h Superintendent of Documents classification 
998 f f |a Y 1.1/5:114-338  |t 0  |l Available Online